|
|
|
|
| LEADER |
01768nam a2200445 i 4500 |
| 001 |
EBC1707781 |
| 003 |
MiAaPQ |
| 005 |
20200520144314.0 |
| 006 |
m o d | |
| 007 |
cr cnu|||||||| |
| 008 |
140811t20152015nyuad o 001 0 eng|d |
| 020 |
|
|
|z 9780814434925 (hardcover)
|
| 020 |
|
|
|z 0814434924 (hardcover)
|
| 020 |
|
|
|a 9780814434932
|q (electronic bk.)
|
| 035 |
|
|
|a (MiAaPQ)EBC1707781
|
| 035 |
|
|
|a (Au-PeEL)EBL1707781
|
| 035 |
|
|
|a (CaPaEBR)ebr10994190
|
| 035 |
|
|
|a (OCoLC)899607080
|
| 040 |
|
|
|a MiAaPQ
|b eng
|e rda
|e pn
|c MiAaPQ
|d MiAaPQ
|
| 050 |
|
4 |
|a HD30.28
|b .K5584 2015
|
| 082 |
0 |
|
|a 658.4
|2 23
|
| 100 |
1 |
|
|a King, Dan E.,
|e author.
|
| 245 |
1 |
4 |
|a The scorecard solution :
|b measure what matters and drive sustainable growth /
|c Dan E. King.
|
| 264 |
|
1 |
|a New York :
|b American Management Association,
|c [2015]
|
| 264 |
|
4 |
|c 2015
|
| 300 |
|
|
|a 1 online resource (301 pages) :
|b illustrations
|
| 336 |
|
|
|a text
|2 rdacontent
|
| 337 |
|
|
|a computer
|2 rdamedia
|
| 338 |
|
|
|a online resource
|2 rdacarrier
|
| 500 |
|
|
|a Includes index.
|
| 588 |
|
|
|a Description based on print version record.
|
| 590 |
|
|
|a Electronic reproduction. Ann Arbor, MI : ProQuest, 2015. Available via World Wide Web. Access may be limited to ProQuest affiliated libraries.
|
| 650 |
|
0 |
|a Strategic planning.
|
| 650 |
|
0 |
|a Decision making.
|
| 650 |
|
0 |
|a Performance
|x Measurement.
|
| 650 |
|
0 |
|a Management.
|
| 655 |
|
4 |
|a Electronic books.
|
| 776 |
0 |
8 |
|i Print version:
|a King, Dan E.
|t Scorecard solution : measure what matters and drive sustainable growth.
|d New York : American Management Association, [2015]
|z 9780814434925
|w (DLC)10994190
|
| 797 |
2 |
|
|a ProQuest (Firm)
|
| 856 |
4 |
0 |
|u https://ebookcentral.proquest.com/lib/matrademy/detail.action?docID=1707781
|z Click to View
|